Chapman Library

Variance analysis (Record no. 1679)

000 -LEADER
fixed length control field 00316nam a22001337a 4500
020 ## - INTERNATIONAL STANDARD BOOK NUMBER
ISBN 1874734582
050 ## - LIBRARY OF CONGRESS CALL NUMBER
Classification number HA 31.38 har
100 ## - MAIN ENTRY--AUTHOR NAME
Personal name HARRIS, E.
245 ## - TITLE STATEMENT
Title Variance analysis
260 ## - PUBLICATION, DISTRIBUTION, ETC. (IMPRINT)
Place of publication London
Name of publisher The Chartared Institute of Management Accounants
Year of publication 1997
300 ## - PHYSICAL DESCRIPTION
Number of Pages 99p.
700 ## - ADDED ENTRY--PERSONAL NAME
Personal name WEST, C.
942 ## - ADDED ENTRY ELEMENTS (KOHA)
Koha item type Books
Holdings
Koha item type Shelving location Accession Number Permanent Location Current Location Date acquired Full call number
BooksReference3388Chapman LibraryChapman Library2017-02-09HA 31.38 har


CSUC Chapman Library is a Koha Automated Library.


Contact us: library@csuc.edu.gh.